Euroústava

Bibliographic Details
Main Author: Zajac, Peter, 1946- (Author)
Format: Article
Language:Slovak
ISSN:1335-2296
Subjects:

MARC

LEADER 00000nab a2200000 a 4500
001 vtls000856925
003 SK-MaSNL
005 20260304105323.0
008 250429c2003 xo 0 slo
015 |a SNBRB2003/12-37161 
035 |a CLN000208580 
035 |a urn:nbn:sk:snk-aba0ji 
035 |a (urnnbn)urn:nbn:sk:snk:ar-a097pe 
035 |a (uuid)657aa2b8-09e2-4a98-b252-28817cdcecaa 
040 |a SNKBUCL  |b slo  |c SNKBUCL  |e AACR2 
041 0 |a slo 
044 |a xo  |c SK 
080 |a 342.4:339.923(4)  |2 1997 
080 |a 339.923(4)  |2 1997 
100 1 |a Zajac, Peter,  |d 1946-  |4 aut  |9 103277 
245 1 0 |a Euroústava  |c Peter Zajac 
610 1 7 |a Európska únia.  |b Ústava  |2 snkbucl  |9 253841 
650 0 7 |a ústava európska  |2 snkbucl  |9 1305504 
655 7 |a články z novín a časopisov  |2 snkbucl  |9 267496 
773 0 |t OS  |g Roč. 7, č. 10 (2003), s. 16-18  |x 1335-2296 
850 |a Slovenská národná knižnica 
852 |a Slovenská národná knižnica 
954 |a odborná, vedecká literatúra pôvodná (slovenská)  |2 lita 
958 |a article13 
958 |a OND 
958 |a EUIPO 
992 |a RBX 
999 |c 2855222  |d 2857152